Catálogo

Vista normal Vista MARC

Entrada Personal Name

Número de registros utilizados en: 1

001 - CONTROL NUMBER

  • control field: 10353

003 - CONTROL NUMBER IDENTIFIER

  • control field: DLC

005 - DATE AND TIME OF LATEST TRANSACTION

  • control field: 20220616124008.0

008 - FIXED-LENGTH DATA ELEMENTS

  • fixed length control field: 150311n| azannaabn |a aaa

010 ## - LIBRARY OF CONGRESS CONTROL NUMBER

  • LC control number: n 2015182082
  • Canceled/invalid LC control number: n 83194058

035 ## - SYSTEM CONTROL NUMBER

  • System control number: (DNLM)1646093

040 ## - CATALOGING SOURCE

  • Original cataloging agency: DNLM
  • Language of cataloging: spa
  • Transcribing agency: Mx-PuUPA
  • Description conventions: rda
  • Modifying agency: DLC
  • Modifying agency: Mx-PuUPA

100 1# - HEADING--PERSONAL NAME

  • Personal name: Fajardo, Guillermo,

374 ## - OCCUPATION

  • Occupation: Autor

375 ## - GENDER

  • Gender: hombre

377 ## - ASSOCIATED LANGUAGE

  • Language code: spa

378 ## - FULLER FORM OF PERSONAL NAME

  • Fuller form of personal name: Fajardo Ortiz

400 1# - SEE FROM TRACING--PERSONAL NAME

  • Personal name: Fajardo Ortiz, Guillermo

670 ## - SOURCE DATA FOUND

  • Source citation: Centenario del Hospital General, 2004:
  • Information found: t.p. (Guillermo Fajardo) front flap (Dr. Guillermo Fajardo Ortiz, Sociedad Mexicana de Historia y Filosofía de la Medicina, Academia Nacional de Medicina)

670 ## - SOURCE DATA FOUND

  • Source citation: His Breve historia de los hospitales de la Ciudad de Méx., 1980:
  • Information found: t.p. (Guillermo Fajardo Ortiz)

670 ## - SOURCE DATA FOUND

  • Source citation: Los servicios sociales para las personas mayores en iberoamérica, 2002:
  • Information found: t.p. (Guillermo Fajardo Ortiz) cover p. 2 (Dr. Guillermo Fajardo Ortiz, b. 1931 in Mexico City)

670 ## - SOURCE DATA FOUND

  • Source citation: Gerencia y administración estratégica de la atención médica, 2015:
  • Information found: t.p. (Guillermo Fajardo Ortiz) de portada

670 ## - SOURCE DATA FOUND

  • Source citation: Biblioteca del congreso (Estados Unidos), 10 diciembre 2019:
  • Information found: Catálogo electrónico
  • Uniform Resource Identifier: http://bit.ly/36ejGqu